Sustainable Development and Innovation in the Energy Sector
Αποθηκεύτηκε σε:
| Κύριος συγγραφέας: | |
|---|---|
| Συγγραφή απο Οργανισμό/Αρχή: | |
| Άλλοι συγγραφείς: | , , , , , , , , , , , , |
| Μορφή: | Ηλεκτρονική πηγή Ηλ. βιβλίο |
| Γλώσσα: | Αγγλικά |
| Έκδοση: |
Berlin, Heidelberg :
Springer Berlin Heidelberg,
2005.
|
| Θέματα: | |
| Διαθέσιμο Online: | http://dx.doi.org/10.1007/b138239 |
| Ετικέτες: |
Δεν υπάρχουν, Καταχωρήστε ετικέτα πρώτοι!
|
MARC
| LEADER | 00000nam a22000005i 4500 | ||
|---|---|---|---|
| 001 | 0000052712 | ||
| 005 | 20171002052723.0 | ||
| 007 | cr nn 008mamaa | ||
| 008 | 100301s2005 gw | s |||| 0|eng d | ||
| 020 | |a 9783540268826 |9 978-3-540-26882-6 | ||
| 024 | 7 | |a 10.1007/b138239 |2 doi | |
| 035 | |a 0000002798 | ||
| 035 | |a (DE-He213)978-3-540-26882-6 | ||
| 050 | 4 | |a HC79.E5 | |
| 072 | 7 | |a KCN |2 bicssc | |
| 072 | 7 | |a BUS069000 |2 bisacsh | |
| 082 | 0 | 4 | |a 333.7 |2 23 |
| 100 | 1 | |a Steger, Ulrich. | |
| 245 | 1 | 0 | |a Sustainable Development and Innovation in the Energy Sector |h [electronic resource] / |c by Ulrich Steger, Wouter Achterberg (), Kornelis Blok, Henning Bode, Walter Frenz, Corinna Gather, Gerd Hanekamp, Dieter Imboden, Matthias Jahnke, Michael Kost, Rudi Kurz, Hans G. Nutzinger, Thomas Ziesemer ; edited by Friederike Wtscher. |
| 260 | |a Berlin, Heidelberg : |b Springer Berlin Heidelberg, |c 2005. | ||
| 300 | |b digital. | ||
| 650 | 0 | |a Economics. | |
| 650 | 0 | |a Engineering economy. | |
| 650 | 0 | |a Environmental law. | |
| 650 | 0 | |a Economic policy. | |
| 650 | 0 | |a Environmental economics. | |
| 650 | 1 | 4 | |a Economics/Management Science. |
| 650 | 2 | 4 | |a Environmental Economics. |
| 650 | 2 | 4 | |a Renewable Energy Sources. |
| 650 | 2 | 4 | |a Energy Economics. |
| 650 | 2 | 4 | |a Environmental Law/Policy/Ecojustice. |
| 650 | 2 | 4 | |a Economic Policy. |
| 700 | 1 | |a Achterberg (), Wouter. | |
| 700 | 1 | |a Blok, Kornelis. | |
| 700 | 1 | |a Bode, Henning. | |
| 700 | 1 | |a Frenz, Walter. | |
| 700 | 1 | |a Gather, Corinna. | |
| 700 | 1 | |a Hanekamp, Gerd. | |
| 700 | 1 | |a Imboden, Dieter. | |
| 700 | 1 | |a Jahnke, Matthias. | |
| 700 | 1 | |a Kost, Michael. | |
| 700 | 1 | |a Kurz, Rudi. | |
| 700 | 1 | |a Nutzinger, Hans G. | |
| 700 | 1 | |a Ziesemer, Thomas. | |
| 700 | 1 | |a Wtscher, Friederike. | |
| 710 | 2 | |a SpringerLink (Online service) | |
| 773 | 0 | |t Springer eBooks | |
| 776 | 0 | 8 | |i Printed edition: |z 9783540231035 |
| 856 | 4 | 0 | |u http://dx.doi.org/10.1007/b138239 |
| 908 | |a 121203 | ||
| 912 | |a ZDB-2-SBE | ||
| 942 | 0 | 0 | |c EB |
| 950 | |a Business and Economics (Springer-11643) | ||
| 999 | |c 45865 |d 45865 | ||